Statistieken voor FIFA Wereldbeker gastlanden

Klik hier om de quiz te nemen!

Algemene statistieken

  • Deze quiz is 116 keer genomen
  • De gemiddelde score is 18 van 20

Antwoorden op de kaart

Antwoorden kleurgecodeerd door een groen-rode schaal op de quizkaart volgens % correct hieronder.
 

Antwoordstatistieken

jaarHost nation% Correct
1994, 2026Verenigde Staten
100%
1950, 2014Brazilië
99%
1970, 1986, 2026Mexico
99%
2018Rusland
99%
1938, 1998Frankrijk
97%
1982Spanje
97%
1978Argentinië
96%
2026Canada
96%
2006Duitsland
96%
2022Qatar
96%
1974West-Duitsland
96%
1934, 1990Italië
92%
2010Zuid-Afrika
92%
2002Japan
83%
1930Uruguay
83%
1966Engeland
81%
2002Zuid-Korea
77%
1958Zweden
68%
1962Chili
64%
1954Zwitserland
53%

Scoreverdeling

Percentiel versus Aantal Correcte Antwoorden

Procent van Mensen met Elke Score

Uw Scoregeschiedenis

U heeft deze quiz nog niet genomen